Reviews of national science and technology policy Republic of Korea

Gespeichert in:
Bibliographische Detailangaben
Format: Buch
Sprache:Englisch
Veröffentlicht: Paris OECD 1996
Schlagworte:
Tags: Tag hinzufügen
Keine Tags, Fügen Sie das erste Tag hinzu!

MARC

LEADER 00000nam a2200000 4500
001 c117910
005 20221123124527.2
020 |a 92-64-14793-4 
041 0 |a eng 
044 |a FR 
245 1 0 |a Reviews of national science and technology policy  |b Republic of Korea 
264 1 |a Paris  |b OECD  |c 1996 
300 |a 205 s. 
610 2 0 |a veda 
610 2 0 |a technológia 
610 2 0 |a technika 
610 2 0 |a politika vedeckotechnická 
610 2 0 |a pokrok vedeckotechnický 
610 2 0 |a vývoj 
610 2 0 |a história 
610 2 0 |a industrializácia 
610 2 0 |a vzdelanie 
610 2 0 |a univerzity 
610 2 0 |a cudzinci 
610 2 0 |a školy 
610 2 0 |a sektor súkromný 
610 2 0 |a inovácia 
610 2 0 |a kooperácia 
610 2 0 |a infraštruktúra 
610 2 0 |a priemysel 
610 2 0 |a investície zahraničné 
610 2 0 |a údaje štatistické 
610 2 0 |a porovnanie medzinárodné 
610 2 0 |a Južná Kórea